| 000 | 01456cam a2200325 i 4500 | ||
|---|---|---|---|
| 001 | 17974983 | ||
| 003 | NUST - PNEC | ||
| 005 | 20170116180751.0 | ||
| 008 | 131218s2014 nyua b 001 0 eng | ||
| 010 | _a 2013043733 | ||
| 020 | _a9780071821018 (hardback) | ||
| 040 | _cLIBRARY | ||
| 042 | _apcc | ||
| 050 | 0 | 0 |
_aTK7871.85 _b.V36 2014 |
| 082 | 0 | 0 |
_a621.38152 ZAN _223 |
| 084 |
_aTEC008090 _2bisacsh |
||
| 100 | 1 |
_aVan Zant, Peter, _eauthor. |
|
| 245 | 1 | 0 |
_aMicrochip fabrication : a practical guide to semiconductor processing / _cPeter Van Zant. |
| 250 | _aSixth edition. | ||
| 260 |
_aNew York : _bMcGraw-Hill Professional, _cc2014 |
||
| 300 |
_axxiii, 548 pages : _billustrations ; _c24 cm |
||
| 504 | _aIncludes bibliographical references and index. | ||
| 520 | _a"This fully updated introduction to semiconductor manufacturing--the industry that drives high tech--offers a low-math, straightforward approach to the entire process, from raw materials through shipping the finished, packaged device"-- | ||
| 650 | 0 | _aSemiconductors | |
| 650 | 0 |
_aIntegrated circuits _xEE, EL |
|
| 856 | _uhttp://www.amazon.com/Microchip-Fabrication-Sixth-Semiconductor-Processing/dp/0071821015/ref=sr_1_1?s=books&ie=UTF8&qid=1426057650&sr=1-1&keywords=9780071821018 | ||
| 906 |
_a7 _bcbc _corignew _d1 _eecip _f20 _gy-gencatlg |
||
| 942 |
_2ddc _cBK |
||
| 999 |
_c62572 _d62572 |
||